000 00298nam a22001337a 4500
008 170612b xxu||||| |||| 00| 0 eng d
020 _a9780415667739
041 _aeng
080 _22ND
_a32
100 _a19
101 _aSHP
245 _aINTRODUCTION TO GEOPOLITICS
_cFLINT,C
942 _2udc
_cBK
999 _c16952
_d16952